| 000 | 00700nam a2200205Ia 4500 | ||
|---|---|---|---|
| 003 | GCL | ||
| 008 | 140319s9999 xx 000 0 ara d | ||
| 020 | _a5891619977 | ||
| 040 |
_aGCL / _cGCL |
||
| 082 | 0 | 4 |
_aط _b813.0876 _bع د |
| 100 | 1 | _aعبدالبديع قمحاوى | |
| 245 | 1 | 0 |
_aدفتر احوال الكمبيوتر : _bاول كتاب علمى لمحو امية الكمبيوتر / _cعبدالبديع قمحاوى |
| 700 | 1 | _aيوسف شعبان | |
| 260 |
_aالقاهرة : _bالاهرام ، _c2000 |
||
| 300 |
_a24 ص ؛ _c28 سم |
||
| 650 | 0 | 4 | _aالقصص العلمية |
| 650 | 0 | 4 | _aالكمبيوتر - تعليم |
| 650 | 0 | 4 | _aالكمبيوتر |
| 942 |
_2ddc _cBK |
||
| 999 |
_c31105 _d31105 |
||